Bilder nach Buchstabe - B #2 - Statistiken

Allgemein
  • Dieses Quiz wurde 1.281 mal gespielt
  • Das Durchschnittsergebnis liegt bei 10 aus 16
Antwortstatistiken
Bildquiz Antwort % Korrekt
Biden
98%
Baseball
95%
Badezimmer
92%
Boris Becker
80%
Brecheisen
80%
Balance
78%
Balkan
77%
Bosnien und Herzegowina
74%
Buckelwal
73%
Beyoncé
72%
Barcelona
60%
Buckingham Palast
48%
Bergsteiger
47%
Barbar
33%
Bangkok
24%
Budget
7%
Keine übereinstimmenden Quizze gefunden
Verteilung der Resultate
Anzahl Personen mit jedem Resultat
Perzentil nach korrekt beantworteten Fragen
Ihre Resultats-Entwicklung
Sie haben dieses Quiz noch nicht gespielt